| 000 | 00568nam a2200229Ia 4500 | ||
|---|---|---|---|
| 003 | OSt | ||
| 005 | 20250707095747.0 | ||
| 008 | 210719s2001 xx 000 0 und d | ||
| 020 | _a0852260013 | ||
| 040 | _cAL | ||
| 041 | _aeng | ||
| 082 | _a547 MUKO | ||
| 100 |
_aMukherji S M and others _9210903 |
||
| 245 | _aOrganic chemistry Vol 2 | ||
| 260 |
_aN D _bNew Age International (P) Ltd., _c2001 |
||
| 300 |
_axi,958p. _bPB |
||
| 365 |
_b175 _cRs |
||
| 440 | _vVol 2 | ||
| 650 |
_aOrganic Chemistry _9210904 |
||
| 906 | _aOrganic Chemistry | ||
| 942 |
_2ddc _cBK |
||
| 999 |
_c213791 _d213791 |
||